000 00488nam a2200157 i 4500
001 28240
003 ES-MaACL
005 20230906153813.0
007 t|
008 030116s1972 sp ||||1| spa d
100 1 _aBadenes Gasset, Ramón.
_924527
245 1 0 _aConceptos fundamentales del Derecho
_b: las relaciones jurídicas patrimoniales /
_cRamón Badenes Gasset.
260 _aBarcelona :
_bMarcombo,
_c[1972]
300 _a331 p. ;
_c22 cm.
852 _aES-MaACL
_jC-49408
_bR.84147
999 _c28240
_d28240